Pop Culture Pop Quiz (1990s) Stats

Quiz Updated Sep 1, 2017

Challenge
Share
Tweet
Embed
Score 0/75 Timer 10:00
0 Plays Today
% Correct
Victoria Beckham
77.3%
Titanic
70.5%
Atlanta
70.5%
Melanie Brown
68.2%
Melanie Chisholm
67.6%
Emma Bunton
66%
The Lion King
63.5%
The Lion King
63.5%
Geri Halliwell
57.2%
Cats
55.3%
Beauty and the Beast
50.1%
Beauty and the Beast
50.1%
Theo
48.3%
Rudy
45.8%
Atlanta Braves
45.1%
Barcelona
43.7%
Aladdin
41.5%
Michael Jordan
41.4%
John Elway
37.3%
Phantom of the Opera
36.9%
Vogue
35.6%
Joe Montana
35.5%
Troy Aikman
34.4%
Steve Young
34.4%
Nagano
32.3%
Cleveland Indians
29.9%
Oakland A's
29.9%
Vanessa
29.6%
Philadelphia Phillies
28.7%
Kelsey Grammer
26.8%
Lillehammer
26%
Denise
25.8%
Pocahontas
24%
Backstreet Boys
23.8%
San Diego Padres
22.5%
Les Miserables
22.2%
Ted Danson
21.1%
Charles Barkley
19.8%
% Correct
Jurassic Park
19.1%
Jurassic Park
19.1%
Sondra
18.2%
Forrest Gump
17.7%
Tarzan
14.7%
Albertville
13.4%
Whitney Houston
11.6%
Mark Rypien
11.5%
Helen Hunt
9.4%
Super Mario Bros. 3
9.2%
Roseanne Barr
8.7%
Super Mario World
7.9%
Phantom Menace
7.9%
Kirstie Alley
7.4%
The Firm
7.4%
Celine Dion
7.2%
Tetris
7%
Candice Bergen
7%
Frozen
6.3%
Pokémon
6.1%
Miss Saigon
5.1%
Justify My Love
4.7%
Take A Bow
4.6%
The Pelican Brief
3.9%
Deion Sanders
3.7%
Shania Twain
3.7%
This Used to be My Playground
3.5%
The Client
3.4%
John Lithgow
3.1%
Nancy Kerrigan
2.9%
Alanis Morissette
2.3%
Craig T. Nelson
1.6%
Burt Reynolds
1.5%
Super Mario Land
1.5%
Men are from Mars...
1.1%
George Foreman
1%
Katey Sagal
0.8%

You're not logged in!

Compare scores with friends on all Sporcle quizzes.
Sign Up with Email
OR
Log In

You Might Also Like...

Show Comments

Extras

Top Quizzes Today


Score Distribution

Your Account Isn't Verified!

In order to create a playlist on Sporcle, you need to verify the email address you used during registration. Go to your Sporcle Settings to finish the process.